000
00329nam a2200133Ia 4500
008
231019s9999 xx 000 0 und d
082
_a
657
_b
TUT-P
100
_a
Tutors-Open Tuition
245
0
_a
Paper F1 ACCA. Accountant in Business
260
_a
UK
_b
Opentuition
_c
2010
300
_a
110
650
_a
Accounting
999
_c
34551
_d
34551